| 000 | 01162nam a2200229Ia 4500 | ||
|---|---|---|---|
| 999 |
_c35798 _d35798 |
||
| 001 | 1683 | ||
| 003 | GE_BSU | ||
| 005 | 20250203152246.0 | ||
| 008 | 181216s2011||||ru |||||||||||||| ||rus|| | ||
| 020 | _a9789941412578 | ||
| 040 | _cGE_BSU | ||
| 080 | _a663.813 Н-62 | ||
| 100 |
_aНижарадзе, Э. _924225 |
||
| 245 |
_aПроблема фальсификации цитрусовых соков и методы её обнаружения / _cЭ. Нижарадзе, Ред: Н. Мамулаишвили, Д. Чхаидзе |
||
| 264 |
_aБатуми: _bГос. ун-т Шота Руставели, _c2011. |
||
| 300 |
_a142 стр.: _b19 см. |
||
| 653 | _aПроблема фальсификации цитрусовых соков и методы её обнаружения | ||
| 653 | _aციტრუსის წვენების გაყალბების პრობლემა და მისი გამოვლენის მეთოდები | ||
| 700 |
_aМамулаишвили, Н _eრედაქტორი _924222 |
||
| 700 |
_aЧхаидзе, Д. _eრედაქტორი _924223 |
||
| 942 |
_cBK _2udc |
||